000 00300nam a2200121 a 4500
001 000026054
005 20200930024250.0
008 090928s1866 000 0 spa d
040 _aDO-SdBNP
_bspa
_cBNPHU
245 0 _aRecueil général des lois et actes.
260 _aParis,
_c1866.
049 _aBNPD
999 _c25546
_d25546